000 00394nam a22001697a 4500
003 MPLRDC
005 20220104142825.0
008 210129b ||||| |||| 00| 0 eng d
082 _a868.71 YBH
100 _a杨百合
245 _a没有黄昏的现代
_c
250 _a初版
260 _a
_b好书出版社
_c1991
300 _b
650 _a马华文学
942 _cBK
_o868.71 YBH
999 _c34000
_d33990